| 000 | 00336nam a22001337a 4500 | ||
|---|---|---|---|
| 008 | 180207b xxu||||| |||| 00| 0 eng d | ||
| 020 | _a9780520208957 | ||
| 041 | _aeng | ||
| 080 | _a32 | ||
| 100 | _a22 | ||
| 101 | _apol | ||
| 245 |
_aamerican indiAN TREATIES THE HISTORY OF A POLIRICAL ANOMALTY _cPRUCHA.F.P |
||
| 942 |
_2udc _cBK |
||
| 999 |
_c41984 _d41984 |
||